[Event "7th London Classic 2015"]
[Site "London ENG"]
[Date "2015.12.12"]
[Round "8.1"]
[White "Giri,A"]
[Black "Nakamura,Hi"]
[Result "1-0"]
[WhiteElo "2784"]
[BlackElo "2793"]

1.Nf3 d5 2.g3 Nf6 3.Bg2 e6 4.O-O Be7 5.d3 O-O 6.Nbd2 c5 7.e4 Nc6 8.Re1 Qc7
9.Qe2 b5 10.a4 b4 11.exd5 exd5 12.Nb3 Re8 13.Bf4 Qb6 14.a5 Qb5 15.Qd2 Be6
16.a6 Bf8 17.Ne5 Nxe5 18.Bxe5 Nd7 19.Bf4 Qb6 20.c3 Rac8 21.Qc2 d4 22.Nd2 h6
23.h4 dxc3 24.bxc3 bxc3 25.Qxc3 Nf6 26.Nc4 Qd8 27.Bb7 Nd5 28.Qd2 Nxf4 29.Qxf4 Qxd3
30.Ne5 Qd6 31.Rad1 Qc7 32.Nc6 Qxc6 33.Bxc6 Rxc6 34.Qa4 Rec8 35.Rd8 c4 36.Rxc8 Rxc8
37.Rxe6 fxe6 38.Qd7 Rc5 39.Qxe6+ Kh7 40.Qf7 Bd6 41.h5 Rg5 42.Kg2 c3 43.f4  1-0

[Event "7th London Classic 2015"]
[Site "London ENG"]
[Date "2015.12.13"]
[Round "9.5"]
[White "Nakamura,Hi"]
[Black "Topalov,V"]
[Result "1/2-1/2"]
[WhiteElo "2793"]
[BlackElo "2803"]

1.e4 e5 2.Nf3 Nc6 3.Bb5 Nf6 4.O-O Nxe4 5.d4 Nd6 6.Bxc6 dxc6 7.dxe5 Nf5 8.Qxd8+ Kxd8
9.Rd1+ Ke8 10.b3 Ne7 11.Nbd2 h6 12.Nd4 Ng6 13.Bb2 Be7 14.Nc4 Nf4 15.Ne3 g6
16.g3 Ne6 17.Ne2 h5 18.a4 a5 19.Ba3 Bxa3 20.Rxa3 Ke7 21.Raa1 Nc5 22.Kg2 Re8
23.Nd4 Kf8 24.f4 Bd7 25.h3 Rad8 26.Nf3 Be6 27.g4 hxg4 28.hxg4 Bd5 29.Rh1 Ke7
30.Nxd5+ cxd5 31.Rh7 Ne6 32.Kg3 Rg8 33.Rf1 Nf8 34.Rh2 Ne6 35.Rh7 Nf8 36.Rh2 Ne6
37.Rh7  1/2-1/2

[Event "Gibraltar Masters 2016"]
[Site "Caleta ENG"]
[Date "2016.01.26"]
[Round "1.1"]
[White "Nakamura,Hi"]
[Black "Bellin,R"]
[Result "1-0"]
[WhiteElo "2787"]
[BlackElo "2350"]

1.d4 f5 2.g3 Nf6 3.Bg2 e6 4.Nf3 Be7 5.O-O O-O 6.c4 d5 7.Qc2 Nc6 8.a3 a5 9.Nbd2 Ne4
10.e3 Kh8 11.b3 Bd7 12.Bb2 Be8 13.Rac1 Bg6 14.Ne1 Bf7 15.Nd3 a4 16.b4 Bd6
17.cxd5 exd5 18.Nf3 Qe8 19.Nfe5 Nd8 20.Nc5 Bxe5 21.dxe5 Nxc5 22.bxc5 Qb5
23.Rfd1 c6 24.Bf1 Qa5 25.Bc3 Qxc5 26.e6 Nxe6 27.Bxg7+ Kxg7 28.Qb2+ Kg8 29.Rxc5 Nxc5
30.Qb6 Bh5 31.Rd4 Nd7 32.Qxb7 Ne5 33.Rb4 Nf3+ 34.Kh1 Ne1 35.Qxc6 Bf3+ 36.Kg1 Be4
37.Be2 Nf3+ 38.Bxf3 Bxf3 39.Rb7  1-0

[Event "Gibraltar Masters TB"]
[Site "Caleta ENG"]
[Date "2016.01.26"]
[Round "3"]
[White "Vachier Lagrave,M"]
[Black "Nakamura,Hi"]
[Result "1/2-1/2"]
[WhiteElo "2785"]
[BlackElo "2787"]

1.e4 e5 2.Nf3 Nc6 3.Bb5 Nf6 4.O-O Nxe4 5.Re1 Nd6 6.Nxe5 Be7 7.Bf1 Nf5 8.Nf3 O-O
9.d4 d5 10.g3 Re8 11.Nc3 Be6 12.Ne2 Bf6 13.c3 Nd6 14.Nf4 Bg4 15.Rxe8+ Nxe8
16.Bd3 Qd7 17.Ng2 h6 18.Ne3 Be6 19.Bd2 Nd6 20.Qc2 Re8 21.Re1 g6 22.b3 Bg7
23.Bc1 a6 24.a4 b5 25.axb5 axb5 26.b4 Nc4 27.Nxc4 bxc4 28.Bf1 Bg4 29.Rxe8+ Qxe8
30.Bg2 Bf5 31.Qa4 Bd7 32.Qd1 Na7 33.Ne5 Be6 34.Be3 Nb5 35.Qc1 f6 36.Nf3 g5
37.h4 c6 38.Bd2 Bf5 39.Qa1 Be4 40.hxg5 hxg5 41.Ne1 Bxg2 42.Nxg2 Nd6 43.Ne3 Ne4
44.Qa2 Qh5 45.Be1 g4 46.Qa8+ Kh7 47.Qxc6 Ng5 48.Kf1 Qh1+ 49.Ke2 Qf3+ 50.Kf1 Qh1+
51.Ke2 Qf3+  1/2-1/2

[Event "Gibraltar Masters TB"]
[Site "Caleta ENG"]
[Date "2016.01.26"]
[Round "4"]
[White "Nakamura,Hi"]
[Black "Vachier Lagrave,M"]
[Result "1/2-1/2"]
[WhiteElo "2787"]
[BlackElo "2785"]

1.e4 c5 2.Nf3 d6 3.d4 cxd4 4.Nxd4 Nf6 5.Nc3 a6 6.Be2 e5 7.Nb3 Be7 8.Qd3 Be6
9.Be3 Nc6 10.a3 d5 11.exd5 Nxd5 12.Nxd5 Qxd5 13.Qxd5 Bxd5 14.O-O O-O 15.Rad1 Be4
16.Nc5 Bxc2 17.Rd2 Bf5 18.Nxb7 Nd4 19.Bxd4 exd4 20.Rxd4 Bf6 21.Rb4 a5 22.Rb5 Bd7
23.Rb6 Rab8 24.Bf3 Rfc8 25.Rd1 Be6 26.h3 a4 27.Rb4 Bb3 28.Rb1 Rc2 29.Nc5 Rxb4
30.axb4 Rxb2 31.Rxb2 Bxb2 32.Nxb3 axb3 33.Bd1 Bc3  1/2-1/2

[Event "Gibraltar Masters TB"]
[Site "Caleta ENG"]
[Date "2016.01.26"]
[Round "5"]
[White "Vachier Lagrave,M"]
[Black "Nakamura,Hi"]
[Result "0-1"]
[WhiteElo "2785"]
[BlackElo "2787"]

1.e4 e5 2.Nf3 Nc6 3.Bb5 Nf6 4.O-O Nxe4 5.Re1 Nd6 6.Nxe5 Be7 7.Bf1 Nxe5 8.Rxe5 O-O
9.Nc3 Ne8 10.Nd5 Bd6 11.Re1 c6 12.Ne3 Be7 13.c4 Bf6 14.d4 d5 15.cxd5 cxd5
16.g3 Be6 17.Bg2 Nc7 18.b3 Qd7 19.Ba3 Rfe8 20.Rc1 Nb5 21.Bb2 Rac8 22.Qd3 Nc7
23.Re2 g6 24.Rce1 Bg7 25.h4 h5 26.Bf3 Red8 27.Ng2 Bf5 28.Qd2 Re8 29.Rxe8+ Nxe8
30.Ne3 Be4 31.Bxe4 dxe4 32.d5 Bxb2 33.Qxb2 Nd6 34.Qf6 Qd8 35.Qf4 Kg7 36.g4 Qf6
37.Qg3 hxg4 38.Nxg4 Qc3 39.Qxd6 Qxe1+ 40.Kg2 Qc3 41.Ne5 Qc7  0-1

[Event "Gibraltar Masters 2016"]
[Site "Caleta ENG"]
[Date "2016.01.27"]
[Round "2.1"]
[White "Fodor,T jr"]
[Black "Nakamura,Hi"]
[Result "0-1"]
[WhiteElo "2500"]
[BlackElo "2787"]

1.d4 Nf6 2.c4 e6 3.Nc3 Bb4 4.Qc2 c5 5.dxc5 O-O 6.Nf3 Na6 7.a3 Bxc3+ 8.Qxc3 Nxc5
9.b4 Nce4 10.Qd4 d6 11.Bg5 Nxg5 12.Nxg5 a5 13.b5 h6 14.Nf3 e5 15.Qb2 e4 16.Nd4 e3
17.f3 Bd7 18.g3 Rc8 19.Rc1 Qb6 20.Qc3 Rfe8 21.Bg2 Qc5 22.O-O d5 23.Nb3 Qxa3
24.Nxa5 Qxc3 25.Rxc3 b6 26.Nb7 Rxc4 27.Rxc4 dxc4 28.Rc1 Rc8 29.Nd6 Rc5 30.Rc3 Rd5
31.Nxc4 Rc5 32.Rc2 Bf5  0-1

[Event "Gibraltar Masters 2016"]
[Site "Caleta ENG"]
[Date "2016.01.28"]
[Round "3.1"]
[White "Nakamura,Hi"]
[Black "Oparin,G"]
[Result "1/2-1/2"]
[WhiteElo "2787"]
[BlackElo "2565"]

1.e4 c5 2.c3 Nf6 3.e5 Nd5 4.Nf3 e6 5.Bc4 d6 6.d4 cxd4 7.cxd4 Be7 8.O-O O-O
9.Qe2 b6 10.Bxd5 exd5 11.Rd1 Na6 12.Nc3 Nc7 13.h3 Bb7 14.Bf4 Ne6 15.exd6 Bxd6
16.Bxd6 Qxd6 17.Qe5 Rfd8 18.Qxd6 Rxd6 19.Nb5 Rc6 20.Rac1 f6 21.g3 Rac8 22.Rb1 Ra8
23.Re1 Kf7 24.Rbc1 Rxc1 25.Rxc1 Ke7 26.Nc3 Kd6 27.Rd1 a5 28.Ne1 Bc6 29.Nc2 Ng5
30.Ne3 Nxh3+ 31.Kg2 Bd7 32.Ncxd5 Bc6 33.Nc4+ Ke6 34.Kxh3 Bxd5 35.Re1+ Kf5
36.Nxb6 Rd8 37.Nxd5 Rxd5 38.Re7 g5 39.Rxh7 Rxd4 40.Rb7 a4 41.Rb5+ Ke6 42.a3 f5
43.f3 Rd3 44.Kg2 Rd2+ 45.Kf1 g4 46.fxg4 fxg4 47.Rb4 Kf5 48.Rf4+ Kg5 49.Rxa4 Rxb2
50.Rb4 Ra2 51.Rb3 Kf5 52.Re3 Kg6 53.Ke1 Kf6 54.Kd1 Kf5 55.Kc1 Rf2 56.Kd1 Ra2
57.Kc1 Rf2 58.Kd1  1/2-1/2

[Event "Gibraltar Masters 2016"]
[Site "Caleta ENG"]
[Date "2016.01.29"]
[Round "4.7"]
[White "Vazquez Igarza,R"]
[Black "Nakamura,Hi"]
[Result "1/2-1/2"]
[WhiteElo "2572"]
[BlackElo "2787"]

1.d4 Nf6 2.c4 g6 3.Nc3 Bg7 4.e4 d6 5.Nf3 O-O 6.Be2 e5 7.Be3 exd4 8.Nxd4 Re8
9.f3 c6 10.Bf2 d5 11.exd5 cxd5 12.O-O Nc6 13.c5 Bf8 14.Bb5 Bd7 15.Nb3 Ne5
16.Bxd7 Qxd7 17.Qd4 Bg7 18.Rad1 Nc4 19.Nxd5 Qxd5 20.Qxd5 Nxd5 21.Rxd5 Bxb2
22.Rd7 b6 23.Re1 Rxe1+ 24.Bxe1 bxc5 25.Nxc5 Nb6 26.Rd3 Rc8 27.Bf2 Bf6 28.g4 Be7
29.Ne4 Rc1+ 30.Kg2 Rc2  1/2-1/2

[Event "Gibraltar Masters 2016"]
[Site "Caleta ENG"]
[Date "2016.01.30"]
[Round "5.8"]
[White "Nakamura,Hi"]
[Black "Muzychuk,M"]
[Result "1-0"]
[WhiteElo "2787"]
[BlackElo "2554"]

1.Nf3 d5 2.d4 Nf6 3.c4 c6 4.Nc3 e6 5.e3 Nbd7 6.Qc2 Bd6 7.g4 h6 8.Rg1 e5 9.Bd2 e4
10.Nh4 g6 11.h3 a6 12.O-O-O b5 13.c5 Bh2 14.Rh1 Bc7 15.f3 a5 16.fxe4 b4 17.Nxd5 cxd5
18.exd5 Bg3 19.Nf3 O-O 20.Rg1 Qc7 21.Bc4 Ba6 22.d6 Bxd6 23.Qxg6+ Kh8 24.Qxh6+ Nh7
25.Ng5 Nf6 26.Rdf1  1-0

[Event "Gibraltar Masters 2016"]
[Site "Caleta ENG"]
[Date "2016.01.31"]
[Round "6.2"]
[White "Ragger,M"]
[Black "Nakamura,Hi"]
[Result "1/2-1/2"]
[WhiteElo "2689"]
[BlackElo "2787"]

1.d4 Nf6 2.c4 g6 3.Nc3 Bg7 4.e4 d6 5.Nf3 O-O 6.Be2 e5 7.O-O Nc6 8.d5 Ne7
9.Ne1 Nd7 10.Nd3 f5 11.f3 f4 12.Bd2 g5 13.Rc1 Ng6 14.c5 Nf6 15.Nb5 Rf7 16.Ba5 b6
17.cxd6 cxd6 18.Be1 g4 19.fxg4 Nxe4 20.Nb4 a6 21.Bf3 Ng3 22.Nxd6 Qxd6 23.Rc6 Qf8
24.hxg3 fxg3 25.d6 e4 26.Be2 Rxf1+ 27.Bxf1 Bxg4 28.Qd5+ Kh8 29.Rc7 Be6 30.Qxe4 Bf5
31.Qd5 Be4 32.Qd2 Be5 33.Rc4 Bb7 34.d7 Rd8 35.Nc6 Bxc6 36.Rxc6 Qf5 37.Rc8 Rxc8
38.Qd3 Qf8 39.dxc8=Q Qxc8  1/2-1/2

[Event "Gibraltar Masters 2016"]
[Site "Caleta ENG"]
[Date "2016.02.01"]
[Round "7.6"]
[White "Nakamura,Hi"]
[Black "Lenic,L"]
[Result "1/2-1/2"]
[WhiteElo "2787"]
[BlackElo "2611"]

1.c4 e6 2.Nc3 Nf6 3.e4 d5 4.cxd5 exd5 5.e5 Ne4 6.d4 Bb4 7.Qa4+ Nc6 8.Bb5 O-O
9.Bxc6 a5 10.Ne2 bxc6 11.O-O Ba6 12.Rd1 c5 13.Qc2 Nxc3 14.Nxc3 Re8 15.a3 Bxc3
16.Qxc3 cxd4 17.Rxd4 Rxe5 18.Bf4 Re2 19.Rad1 Qf6 20.Rxd5 Qxf4 21.Rd8+ Re8
22.Rxa8 Rxa8 23.Qc6 Rb8 24.Qxa6 Qe5 25.Qb7 c5 26.Qd5 Qxd5 27.Rxd5 c4 28.Kf1 Kf8
29.Rd2 Ke7 30.Ke2 Ke6 31.Kd1 c3 32.bxc3 Rb3 33.Kc2 a4 34.Rd4 Rxa3 35.Kb2 Rb3+
36.Kc2 Ra3 37.Kb2  1/2-1/2

[Event "Gibraltar Masters 2016"]
[Site "Caleta ENG"]
[Date "2016.02.02"]
[Round "8.9"]
[White "Grigoriants,S RUS"]
[Black "Nakamura,Hi"]
[Result "0-1"]
[WhiteElo "2580"]
[BlackElo "2787"]

1.Nf3 c5 2.c4 Nc6 3.Nc3 e5 4.e3 Nf6 5.Be2 d5 6.d4 exd4 7.exd4 Be6 8.dxc5 dxc4
9.Qa4 Bxc5 10.Ng5 Qb6 11.O-O Bd7 12.Qxc4 Ne5 13.Qf4 Ng6 14.Qd2 Bc6 15.Qc2 O-O
16.Na4 Bxa4 17.Qxa4 Rae8 18.Qb5 h6 19.Nf3 Qc7 20.Bd2 a6 21.Qd3 Ne4 22.b4 Nxd2
23.Qxd2 Bxb4 24.Qxb4 Rxe2 25.Rac1 Qe7 26.Qxe7 Rxe7 27.a4 Re4 28.Rc7 Rb8 29.Ra1 Nf4
30.a5 Ne6 31.Rd7 Nc5 32.Rd5 Rc4 33.h4 Rc8 34.Rb1 Ra4 35.Ne5 Rxa5 36.Rc1 Rc7
37.Rc4 b6 38.h5 Ne6 39.Rxc7 Rxd5 40.Rc8+ Rd8 41.Rc6 Rd1+ 42.Kh2 Rd5 43.Rc8+ Kh7
44.Nxf7 Rxh5+ 45.Kg3 Rd5 46.Rc6 Ng5 47.Nxh6 gxh6 48.Rxb6 Rd6  0-1

[Event "Gibraltar Masters 2016"]
[Site "Caleta ENG"]
[Date "2016.02.03"]
[Round "9.3"]
[White "Nakamura,Hi"]
[Black "Gupta,Ab"]
[Result "1-0"]
[WhiteElo "2787"]
[BlackElo "2613"]

1.d4 Nf6 2.c4 g6 3.f3 d5 4.cxd5 Nxd5 5.e4 Nb6 6.Be3 Bg7 7.Nc3 O-O 8.Qd2 e5
9.d5 c6 10.h4 cxd5 11.exd5 N8d7 12.h5 Nf6 13.hxg6 fxg6 14.O-O-O Qd6 15.Kb1 Bf5+
16.Ka1 Rac8 17.g4 Rxc3 18.Qxc3 Rc8 19.Qe1 Bc2 20.Rc1 e4 21.Bd4 Qxd5 22.Bc3 Bd3
23.Nh3 Na4 24.Nf4 Qd6 25.Nxd3 exd3 26.Bxd3 Qb6 27.Bc2  1-0

[Event "Gibraltar Masters TB"]
[Site "Caleta ENG"]
[Date "2016.02.04"]
[Round "1"]
[White "Nakamura,Hi"]
[Black "Vachier Lagrave,M"]
[Result "1/2-1/2"]
[WhiteElo "2787"]
[BlackElo "2785"]

1.e4 c5 2.c3 Nf6 3.e5 Nd5 4.Nf3 Nc6 5.Bc4 Nb6 6.Bb3 d5 7.exd6 c4 8.Bc2 Qxd6
9.O-O Bg4 10.h3 Bh5 11.Re1 e6 12.b3 Be7 13.Qe2 cxb3 14.axb3 O-O 15.d4 Rfd8
16.Bxh7+ Kxh7 17.Ng5+ Bxg5 18.Qxh5+ Bh6 19.Bxh6 gxh6 20.Qxf7+ Kh8 21.Qf6+ Kh7
22.Qf7+ Kh8 23.Rxe6 Rf8 24.Rxd6 Rxf7 25.d5 Rd8 26.Rxd8+ Nxd8 27.c4 a6 28.Nc3 Re7
29.c5 Nd7 30.c6 bxc6 31.Rxa6 Nb8 32.Rb6 Rb7 33.Rxb7 Nxb7 34.dxc6 Nxc6 35.Nd5 Kg7
36.b4 Nd6 37.g4 Kf7 38.Kg2 Ke6 39.Nc7+ Kd7 40.Na6 Ke6 41.f4 Kd5 42.f5 Ke5
43.Kg3 h5 44.Nc5 Nxf5+  1/2-1/2

[Event "Gibraltar Masters TB"]
[Site "Caleta ENG"]
[Date "2016.02.04"]
[Round "2"]
[White "Vachier Lagrave,M"]
[Black "Nakamura,Hi"]
[Result "1/2-1/2"]
[WhiteElo "2785"]
[BlackElo "2787"]

1.e4 e5 2.Nf3 Nc6 3.Bb5 Nf6 4.O-O Nxe4 5.d4 Nd6 6.Bxc6 dxc6 7.dxe5 Nf5 8.Qxd8+ Kxd8
9.h3 Ke8 10.Nc3 h5 11.Bf4 Be7 12.Rad1 Be6 13.Ng5 Rh6 14.g3 Bxg5 15.Bxg5 Rg6
16.h4 f6 17.exf6 gxf6 18.Bf4 Rc8 19.Kh2 Kf7 20.Ne4 b6 21.Rfe1 Rgg8 22.b3 Rge8
23.f3 c5 24.c3 a5 25.Kg2 Re7 26.Rd2 Bd7 27.Kf2 Bc6 28.Rde2 Rce8 29.Nd2 Rc8
30.Nc4 Rxe2+ 31.Rxe2 Bb5 32.Rd2 Bc6 33.a4 Ne7 34.Rd3 Ng6 35.Bc1 Ke6 36.Re3+ Kf7
37.Rd3  1/2-1/2

[Event "Gibraltar Masters 2016"]
[Site "Caleta ENG"]
[Date "2016.02.04"]
[Round "10.1"]
[White "Nakamura,Hi"]
[Black "Anton Guijarro,D"]
[Result "1-0"]
[WhiteElo "2787"]
[BlackElo "2639"]

1.d4 f5 2.c4 Nf6 3.Nc3 d6 4.Bg5 Nbd7 5.Qc2 g6 6.h4 Bg7 7.O-O-O c6 8.Nh3 Nf8
9.e3 Qa5 10.Kb1 Ne6 11.Be2 Bd7 12.Bxf6 Bxf6 13.g4 O-O-O 14.gxf5 gxf5 15.Bd3 Kb8
16.Ne2 Bxh4 17.Bxf5 Bf6 18.e4 c5 19.d5 Nc7 20.Bxd7 Rxd7 21.f4 Rhd8 22.Nf2 b5
23.Ng4 Bh8 24.Rxh7 Qb4 25.Ne3 a6 26.a3 Qa5 27.Nf5 Re8 28.e5 bxc4 29.Rdh1 Nb5
30.a4  1-0

[Event "5th Zurich Opening Blitz"]
[Site "Zurich SUI"]
[Date "2016.02.12"]
[Round "1.2"]
[White "Nakamura,Hi"]
[Black "Aronian,L"]
[Result "1-0"]
[WhiteElo "2787"]
[BlackElo "2792"]

1.e4 e5 2.Nf3 Nc6 3.Bb5 Nf6 4.d3 Bd6 5.c3 O-O 6.O-O Re8 7.Nbd2 a6 8.Ba4 b5
9.Bc2 Bf8 10.Re1 d5 11.a4 Bb7 12.h3 h6 13.exd5 Qxd5 14.b4 Qd7 15.Ne4 Nd5
16.Bb3 Rad8 17.axb5 axb5 18.Bxh6 Nxc3 19.Nxc3 gxh6 20.Ne4 Be7 21.Nh2 Nd4
22.Ng4 Kg7 23.Nxe5 Qf5 24.Ng3 Qg5 25.Nxf7 Qg6 26.Nxd8 Bxd8 27.Rxe8  1-0

[Event "5th Zurich Opening Blitz"]
[Site "Zurich SUI"]
[Date "2016.02.12"]
[Round "2.3"]
[White "Kramnik,V"]
[Black "Nakamura,Hi"]
[Result "0-1"]
[WhiteElo "2801"]
[BlackElo "2787"]

1.d4 d5 2.Nf3 Nf6 3.Bg5 c6 4.e3 Qb6 5.Bd3 Ne4 6.Nbd2 Nxg5 7.Nxg5 e6 8.Qh5 g6
9.Qf3 Qc7 10.h4 Qe7 11.O-O-O Bg7 12.c3 e5 13.e4 h6 14.Nxf7 Qxf7 15.Qg3 exd4
16.exd5 O-O 17.Bxg6 Qxf2 18.Qxf2 Rxf2 19.Ne4 Rxg2 20.Rdg1 Rxg1+ 21.Rxg1 cxd5
22.Nd6 Nc6 23.Bf5 Bxf5 24.Nxf5 Kh8 25.Rg6 Bf8 26.cxd4 Re8 27.Kd2 Re4 28.Kd3 Rxd4+
29.Ke3 Re4+ 30.Kd2 Rf4 31.Rf6 Bg7 32.Rf7 Bxb2 33.h5 Bg7 34.Ke3 Re4+ 35.Kd2 Rf4
36.Ke3 Rf1 37.Kd2 Ne5  0-1

[Event "5th Zurich Opening Blitz"]
[Site "Zurich SUI"]
[Date "2016.02.12"]
[Round "3.1"]
[White "Nakamura,Hi"]
[Black "Giri,A"]
[Result "1-0"]
[WhiteElo "2787"]
[BlackElo "2798"]

1.e4 c5 2.Nf3 Nc6 3.Nc3 e6 4.g3 d5 5.exd5 exd5 6.Bg2 d4 7.Qe2+ Be6 8.Ne4 Be7
9.d3 h6 10.O-O Nf6 11.Nxf6+ Bxf6 12.Bh3 Qd5 13.Bxe6 fxe6 14.Re1 O-O 15.Qxe6+ Qxe6
16.Rxe6 Nb4 17.Ne1 Rac8 18.Bd2 Nd5 19.Rd1 Kf7 20.Re4 Rc6 21.Nf3 Rb6 22.b3 Rc6
23.Rde1 b5 24.Ne5+ Bxe5 25.Rxe5 Rd8 26.R1e4 Rd7 27.a3 Nf6 28.Re1 c4 29.Rxb5 c3
30.Bf4 Nd5 31.Be5 a6 32.Ra5 Ne7 33.Re4 Re6 34.Rf4+ Kg6 35.Rg4+ Kf5 36.Rf4+ Kg6
37.Rg4+ Kf5 38.Rxd4  1-0

[Event "5th Zurich Opening Blitz"]
[Site "Zurich SUI"]
[Date "2016.02.12"]
[Round "4.3"]
[White "Nakamura,Hi"]
[Black "Shirov,A"]
[Result "1/2-1/2"]
[WhiteElo "2787"]
[BlackElo "2684"]

1.e4 c5 2.Nf3 Nc6 3.Nc3 g6 4.d4 cxd4 5.Nxd4 Bg7 6.Nb3 Nf6 7.Be2 a6 8.O-O b5
9.Re1 b4 10.Nd5 d6 11.Bf3 Rb8 12.Bg5 Nxd5 13.exd5 Ne5 14.Be2 h6 15.Be3 Bb7
16.a3 bxa3 17.Rxa3 O-O 18.Na5 Ba8 19.f4 Nd7 20.Nc6 Bxc6 21.dxc6 Nf6 22.b3 a5
23.Bf3 d5 24.c4 Qd6 25.Rxa5 Qxc6 26.Bxd5 Nxd5 27.Rxd5 e6 28.Rd3 Rb7 29.Qf3 Qa6
30.h4 h5 31.Bf2 Rfb8 32.Red1 Qa2 33.Rd8+ Kh7 34.Rxb8 Rxb8 35.Rd3 Qc2 36.Kh2 Ra8
37.Qxa8 Qxd3 38.Qf3 Qc2 39.c5 Bf8 40.b4 Qc4 41.Qb7 Qxf4+ 42.Bg3 Qf5 43.c6 g5
44.hxg5 h4 45.Bb8 Bg7 46.Qb6 Be5+ 47.Bxe5 Qxe5+ 48.Kh1 Qe1+ 49.Qg1 Qxb4 50.Qc1 Qe4
51.Kh2 Qe5+ 52.Kg1 Qd4+ 53.Kh1 Qe4 54.Qf1 Qxc6 55.Qxf7+ Kh8 56.Qf6+ Kg8 57.Qg6+ Kf8
58.Qh6+ Kg8 59.Qg6+ Kf8 60.Qh6+ Kg8 61.Qg6+  1/2-1/2

[Event "5th Zurich Opening Blitz"]
[Site "Zurich SUI"]
[Date "2016.02.12"]
[Round "5.2"]
[White "Anand,V"]
[Black "Nakamura,Hi"]
[Result "1-0"]
[WhiteElo "2784"]
[BlackElo "2787"]

1.e4 Nf6 2.e5 Nd5 3.d4 d6 4.Nf3 c6 5.Be2 dxe5 6.Nxe5 Nd7 7.Nf3 g6 8.O-O Bg7
9.c4 Nc7 10.Nc3 O-O 11.Bf4 Ne6 12.Be3 Nf6 13.h3 Qc7 14.Qd2 Rd8 15.Rad1 b6
16.Rfe1 Bb7 17.Qc1 Nh5 18.Bf1 Rac8 19.b4 Qb8 20.c5 a5 21.bxa5 bxc5 22.dxc5 Qa7
23.Bc4 Nc7 24.Rxd8+ Rxd8 25.Rd1 Re8 26.Ng5 e6 27.Rd7 Qxa5 28.Nce4 Bc8 29.Rxf7 h6
30.Rxg7+ Kxg7 31.Nf3 Nd5 32.Bxh6+ Kh7 33.Nd6 Re7 34.Bf8 Rg7 35.Bxg7 Kxg7
36.Bxd5  1-0

[Event "5th Zurich CC 2016"]
[Site "Zurich SUI"]
[Date "2016.02.13"]
[Round "1.2"]
[White "Nakamura,Hi"]
[Black "Giri,A"]
[Result "1/2-1/2"]
[WhiteElo "2787"]
[BlackElo "2798"]

1.e4 c5 2.Nf3 d6 3.d4 cxd4 4.Nxd4 Nf6 5.Nc3 a6 6.Be2 e5 7.Nb3 Be7 8.Be3 Be6
9.Bf3 Nbd7 10.O-O O-O 11.a4 Qc7 12.Nd5 Nxd5 13.exd5 Bf5 14.c3 Bg6 15.a5 f5
16.Ra4 b5 17.axb6 Nxb6 18.Ra2 Nc4 19.Bc1 a5 20.Nd2 Nb6 21.Ra3 a4 22.c4 Bf6
23.g4 Bg5 24.gxf5 Bxf5 25.Rc3 Nd7 26.b4 axb3 27.Nxb3 Bxc1 28.Qxc1 Nc5 29.Nxc5 Qxc5
30.Qe3 Qxe3 31.Rxe3 Rfc8 32.Be2 g6 33.f4 exf4 34.Rxf4 Re8 35.Rxe8+ Rxe8 36.Kf2 Kg7
37.Bg4 Re5 38.Bxf5 Rxf5 39.Rxf5 gxf5 40.Ke3 Kg6 41.Kd4 Kf6 42.c5 dxc5+ 43.Kxc5 Ke7
44.d6+ Kd7 45.Kd5 f4 46.Ke4 Kxd6 47.Kxf4  1/2-1/2

[Event "5th Zurich CC 2016"]
[Site "Zurich SUI"]
[Date "2016.02.13"]
[Round "2.3"]
[White "Shirov,A"]
[Black "Nakamura,Hi"]
[Result "0-1"]
[WhiteElo "2684"]
[BlackElo "2787"]

1.e4 e6 2.d4 d5 3.e5 c5 4.c3 Nc6 5.Nf3 Qb6 6.a3 Nh6 7.b4 cxd4 8.Bxh6 gxh6
9.cxd4 Bd7 10.Ra2 Rg8 11.h3 h5 12.g3 h4 13.g4 Be7 14.Be2 f6 15.b5 Nd8 16.Qd3 Rg7
17.Nc3 Nf7 18.O-O h5 19.Na4 Qd8 20.exf6 Bxf6 21.Nc5 hxg4 22.hxg4 b6 23.Nxd7 Qxd7
24.Kh1 Rc8 25.Rc2 Rxc2 26.Qxc2 Nd6 27.Ne5 Bxe5 28.dxe5 Ne4 29.Kg2 Nc5 30.Rh1 Qe7
31.Qc1 Rh7 32.Qe3 Qg7 33.Rc1 Qf8 34.a4 Rf7 35.f3 Rf4 36.Rxc5 bxc5 37.a5 h3+
38.Kg3 h2  0-1

[Event "5th Zurich CC 2016"]
[Site "Zurich SUI"]
[Date "2016.02.14"]
[Round "3.1"]
[White "Nakamura,Hi"]
[Black "Kramnik,V"]
[Result "1/2-1/2"]
[WhiteElo "2787"]
[BlackElo "2801"]

1.e4 e5 2.Nf3 Nc6 3.Bb5 Nf6 4.d3 Bc5 5.Bxc6 dxc6 6.Nbd2 Be6 7.O-O Nd7 8.Nb3 Bb6
9.Ng5 Bxb3 10.axb3 f6 11.Nf3 Nc5 12.Nd2 O-O 13.Nc4 Ne6 14.Kh1 Qd7 15.Qg4 Rad8
16.Be3 Bd4 17.Bxd4 Nxd4 18.Qxd7 Rxd7 19.Rxa7 Nxc2 20.Rxb7 Rxd3 21.h4 Nd4
22.b4 Ne6 23.Rc1 Ra8 24.b5 cxb5 25.Rxb5 Rad8 26.f3 h5 27.Kh2 Nf4 28.Rc5 R8d7
29.Na3 Rd2 30.R1c2 Nxg2 31.Rxc7 Ne3+ 32.Rxd2 Rxd2+ 33.Kh3 Rf2 34.Kg3 Rxb2
35.Rc1 f5 36.Nc4 f4+ 37.Kh3 Rf2 38.Nxe5 Nf1 39.Rxf1 Rxf1 40.Kg2 Ra1 41.Ng6 Ra2+
42.Kg1 Ra1+ 43.Kg2 Ra2+ 44.Kg1 Kf7 45.Nxf4 g6 46.Ng2 Kf6 47.Kh2 Ke5 48.Kg3 Ra1
49.Nf4 Kd4 50.Kg2 Ra2+ 51.Kg3 Ra1 52.Kg2 Ra8 53.Kf2 Ra6 54.Ne2+ Ke5 55.Kg3 Rf6
56.Kf2 Rf8 57.Kg3 Rf7 58.Kf2 Ra7 59.Kg3 Ra8 60.Nf4 Rg8 61.Ne2 g5 62.hxg5 Rxg5+
63.Kh4 Rg2 64.Ng3 Rh2+ 65.Kg5 h4 66.f4+ Ke6 67.Nf5 h3 68.Kg4 Rh1 69.Ng3 Rh2
70.e5 Rf2 71.Ne4 Rg2+ 72.Kxh3  1/2-1/2

[Event "5th Zurich CC 2016"]
[Site "Zurich SUI"]
[Date "2016.02.14"]
[Round "4.3"]
[White "Nakamura,Hi"]
[Black "Anand,V"]
[Result "1/2-1/2"]
[WhiteElo "2787"]
[BlackElo "2784"]

1.Nf3 d5 2.g3 c5 3.Bg2 Nf6 4.O-O Nc6 5.d4 cxd4 6.Nxd4 e5 7.Nxc6 bxc6 8.c4 Be6
9.Bg5 Rc8 10.Qa4 Qd7 11.Bxf6 gxf6 12.e3 d4 13.exd4 exd4 14.c5 Bxc5 15.Rc1 Qe7
16.Bxc6+ Kf8 17.Nd2 Kg7 18.Qb5 Bb6 19.Qd3 Rc7 20.Be4 Rhc8 21.Rxc7 Rxc7 22.Rd1 Qc5
23.Nb3 Qe5 24.Nd2 f5 25.Bg2 Qc5 26.b3 Qc2 27.Nc4 Qxd3 28.Rxd3 Bxc4 29.bxc4 Rxc4
30.Bd5 Rc3  1/2-1/2

[Event "5th Zurich CC Blitz"]
[Site "Zurich SUI"]
[Date "2016.02.15"]
[Round "1.2"]
[White "Giri,A"]
[Black "Nakamura,Hi"]
[Result "0-1"]
[WhiteElo "2798"]
[BlackElo "2787"]

1.Nf3 d5 2.g3 g6 3.Bg2 Bg7 4.d4 c6 5.O-O Nf6 6.b3 O-O 7.Bb2 Bf5 8.c4 Nbd7
9.cxd5 cxd5 10.Nc3 Qa5 11.Qd2 Rfd8 12.Rfc1 Qa6 13.e3 Ne4 14.Qe1 Nxc3 15.Bxc3 Be4
16.Bf1 Qf6 17.Nd2 Bf5 18.Bg2 Nb8 19.e4 Be6 20.Ba5 Nc6 21.Bxd8 Rxd8 22.e5 Qg5
23.Qe3 Qg4 24.f4 g5 25.Rf1 gxf4 26.gxf4 Bh6 27.Rf3 Kh8 28.Raf1 Qh4 29.Kh1 Bf5
30.Rg3 e6 31.a3 Rf8 32.b4 f6 33.b5 Ne7 34.exf6 Qxf6 35.Bh3 Bg7 36.Re1 Qh6
37.Bg4 Bf6 38.Reg1 Bh4 39.Rh3 Qf6 40.Nf3 Be4 41.Rg2 Ng6 42.Kg1 Nxf4 43.Rd2 Nxh3+  0-1

[Event "5th Zurich CC Blitz"]
[Site "Zurich SUI"]
[Date "2016.02.15"]
[Round "2.3"]
[White "Nakamura,Hi"]
[Black "Shirov,A"]
[Result "1/2-1/2"]
[WhiteElo "2787"]
[BlackElo "2684"]

1.b3 e5 2.Bb2 Nc6 3.e3 Nf6 4.Bb5 Bd6 5.Ne2 O-O 6.Ng3 a6 7.Bxc6 dxc6 8.d3 Nd5
9.O-O f5 10.c4 Ne7 11.c5 Bxc5 12.Bxe5 Ng6 13.d4 Nxe5 14.dxc5 Qxd1 15.Rxd1 f4
16.exf4 Ng6 17.Nd2 Nxf4 18.Nc4 Be6 19.Na5 Bd5 20.f3 b6 21.Nc4 bxc5 22.Rac1 a5
23.a4 h5 24.Rd2 h4 25.Ne4 h3 26.g3 Ne6 27.Ne5 Rf5 28.Ng6 Rxf3 29.Ne7+ Kh8
30.Nxd5 cxd5 31.Rxd5 Nd4 32.Kh1 Raf8 33.Rh5+ Kg8 34.Rxh3 Nxb3 35.Rc2 Re3
36.Rh4 Rf5 37.Kg2 Re5 38.Nf2 Nd4 39.Rb2 Re2 40.Rb8+ Kf7 41.Rf4+ Kg6 42.h4 Rf5
43.Rxf5 Nxf5 44.g4 Nxh4+ 45.Kg3 Kf7 46.Rb7 g5 47.Rxc7+ Kf6 48.Rc6+ Kf7 49.Rxc5 Re3+
50.Kh2 Re2 51.Kg1 Re1+ 52.Kh2 Re2 53.Kg1 Re1+ 54.Kh2 Re2 55.Kg1  1/2-1/2

[Event "5th Zurich CC Blitz"]
[Site "Zurich SUI"]
[Date "2016.02.15"]
[Round "3.1"]
[White "Kramnik,V"]
[Black "Nakamura,Hi"]
[Result "1/2-1/2"]
[WhiteElo "2801"]
[BlackElo "2787"]

1.d4 d5 2.Nf3 Nf6 3.Bf4 e6 4.e3 Bd6 5.c3 c5 6.Bg3 Nc6 7.Nbd2 O-O 8.Bb5 Ne7
9.dxc5 Bxc5 10.Bd3 b6 11.O-O Bb7 12.Qc2 Ng6 13.Rad1 Nh5 14.c4 Nxg3 15.hxg3 Rc8
16.Qb1 dxc4 17.Nxc4 Qf6 18.Be4 Ba6 19.Rc1 Be7 20.Bd3 Rfd8 21.Nd4 Bc5 22.Nb3 Bf8
23.Nd4 Bc5 24.Nb3 Bf8 25.Nd4  1/2-1/2

[Event "5th Zurich CC Blitz"]
[Site "Zurich SUI"]
[Date "2016.02.15"]
[Round "4.3"]
[White "Anand,V"]
[Black "Nakamura,Hi"]
[Result "1/2-1/2"]
[WhiteElo "2784"]
[BlackElo "2787"]

1.e4 e5 2.Nf3 Nc6 3.Bb5 Nf6 4.O-O Nxe4 5.Re1 Nd6 6.Nxe5 Be7 7.Bf1 Nf5 8.Nf3 O-O
9.d4 d5 10.c3 Bd6 11.Bd3 Nce7 12.Nbd2 c6 13.Nf1 Ng6 14.Qc2 Nfh4 15.Nxh4 Qxh4
16.g3 Qh3 17.f4 Bg4 18.f5 Ne7 19.Ne3 Bf3 20.Qf2 Qh5 21.Rf1 Bg4 22.f6 gxf6
23.Nxg4 Qxg4 24.Qxf6 Bxg3 25.Kh1 Bh4 26.Bxh7+ Kxh7 27.Qh6+ Kg8 28.Rg1 Qxg1+
29.Kxg1 Ng6 30.Bf4 Bf6 31.Be5 Bxe5 32.dxe5 Rae8 33.Kh1 Rxe5 34.Rg1 Rfe8 35.Rxg6+ fxg6
36.Qxg6+ Kh8  1/2-1/2

[Event "5th Zurich CC 2016"]
[Site "Zurich SUI"]
[Date "2016.02.15"]
[Round "5.2"]
[White "Aronian,L"]
[Black "Nakamura,Hi"]
[Result "0-1"]
[WhiteElo "2792"]
[BlackElo "2787"]

1.d4 d5 2.c4 e6 3.Nf3 Nf6 4.Nc3 Be7 5.Bf4 O-O 6.e3 Nbd7 7.c5 c6 8.h3 b6 9.b4 a5
10.a3 h6 11.Bd3 Ba6 12.O-O Bxd3 13.Qxd3 Qc8 14.Rfc1 Qb7 15.Rab1 axb4 16.axb4 Rfc8
17.Nd2 Bd8 18.Nb3 Bc7 19.Bxc7 Qxc7 20.Ra1 Qb7 21.b5 Rxa1 22.Rxa1 bxc5 23.Na5 Qa8
24.Nb3 Qb7 25.Na5 Qa8 26.Nb3 Qb8 27.dxc5 cxb5 28.Qd4 b4 29.Na4 Qb5 30.Qb2 Ne4
31.f3 Nexc5 32.Naxc5 Nxc5 33.Rc1 Rc7 34.Qe5 Qb6 35.f4 Na6 36.Ra1 Rc3 37.Nd4 Nc7
38.Rb1 f6 39.Qh5 Rxe3  0-1